| 000 | 01378aam a2200313 4500 | ||
|---|---|---|---|
| 001 | 768714001 | ||
| 003 | CO-MdFUSB | ||
| 005 | 20250611172556.0 | ||
| 007 | ta | ||
| 008 | 250611t2002 pe a|||| |||| 00| 0 spa d | ||
| 020 | _a9972-701-28-X | ||
| 040 | _cCO-MdFUSB | ||
| 041 | 0 | _aspa | |
| 082 | 0 | 4 |
_223 _a248.83 _bC1466h |
| 100 | 1 |
_aCalderón Carranza, Mauricio _eautor |
|
| 245 | 1 | 0 |
_aHablemos de sexo con los adolescentes _c/ Mauricio Calderón Carranza |
| 264 | 1 |
_bCentro de Investigaciones y Publicaciones CENIP, _aPerú : _c[2002] |
|
| 264 | 4 |
_bIINDEF, _c©2002 |
|
| 300 | _a118 páginas | ||
| 336 |
_atexto _btxt _2rdacontent |
||
| 337 |
_2rdamedia _asin mediación _bn |
||
| 338 |
_2rdacarrier _avolumen _bnc |
||
| 505 |
_gVolumen I: _tEmpecemos a hablar de sexo: _aTu cuerpo y tu sexualidad son regalos de Dios. -- ¡todo cambia! -- ¡Éste es mi cuerpo! -- ¡Supermachos! ¿superhembras? _tY vamos creciendo: _aToc, toc.. ¡es el amor! -- ¡Vale la pena esperar! -- Fuera de tiempo. _gVolumen II: _t¡Riesgos! _aSexo seguro... no tan seguro. -- ¡SIDA, riesgos innecesarios! -- ¡Decisiones! _t¡En victoria! _a¡Cuando el sexo pierde su color! -- ¡Cuando digo no... es no! -- ¡Amándome! -- De cara al futuro. |
||
| 563 | _aRústico | ||
| 650 | 0 |
_aVida cristiana _919 |
|
| 650 | 7 |
_aEducación cristiana de adolescentes _97016 |
|
| 942 | _cBK | ||
| 945 | _aJTF-925 | ||
| 999 |
_c36065 _d36065 |
||